[Event "Gibtelecom Masters"]
[Site "Catalan Bay ENG"]
[Date "2007.01.23"]
[Round "1"]
[White "Speelman,J"]
[Black "Rendle,T"]
[Result "1-0"]
[WhiteElo "2533"]
[BlackElo "2366"]

1.d4 f5 2.g3 Nf6 3.Bg2 g6 4.c4 d6 5.Nc3 Bg7 6.Nh3 e5 7.dxe5 dxe5 8.Qxd8+ Kxd8
9.O-O c6 10.Rd1+ Ke8 11.e4 h6 12.f4 Ng4 13.exf5 gxf5 14.fxe5 Nxe5 15.Nf4 Kf7
16.Nh5 Bf8 17.Be3 Nbd7 18.Rf1 Kg6 19.Nf4+ Kf7 20.b3 Ng4 21.Bd4 Bc5 22.Nfe2 Kg6
23.Rxf5 Bxd4+ 24.Nxd4 Ne3 25.Rf4 Nxg2 26.Kxg2 Ne5 27.Raf1 Bd7 28.Nf3 Nxf3
29.R1xf3 Rhg8 30.Rf6+ Kh7 31.Rd6 Be8 32.Ne4 Rg6 33.Nf6+ Kg7 34.Nxe8+ Rxe8
35.Rd7+  1-0

[Event "Gibtelecom Masters"]
[Site "Catalan Bay ENG"]
[Date "2007.01.31"]
[Round "8"]
[White "Butnorius,A"]
[Black "Speelman,J"]
[Result "1/2-1/2"]
[WhiteElo "2402"]
[BlackElo "2533"]

1.d4 e6 2.c4 b6 3.Nf3 Bb7 4.Nc3 Bb4 5.Bg5 Nf6 6.Nd2 h6 7.Bh4 Be7 8.e4 d6
9.Bg3 Nc6 10.Nf3 e5 11.d5 Nb8 12.Be2 Nh5 13.Qa4+ Nd7 14.c5 Nxg3 15.hxg3 bxc5
16.Bb5 a6 17.Bc6 Bxc6 18.dxc6 Nb6 19.Qc2 O-O 20.a4 a5 21.Nb5 Rc8 22.Nd2 Qe8
23.Nc4 Nxc4 24.Qxc4 Bd8 25.g4 Rb8 26.g5 Qxc6 27.gxh6 g6 28.h7+ Kh8 29.Ra3 Bf6
30.Rf3 Bg7 31.O-O f5 32.Qe6 Qxe4 33.Qxg6 Rf6 34.Qg5 c6 35.Rg3 Rb7 36.Nc3 Qf4
37.Qh5 Re7 38.Rg6 Rxg6 39.Qxg6 Qh6 40.Qxf5 d5 41.Qc8+ Kxh7 42.Re1 Qe6 43.Qd8 Bh6
44.Qxa5 Rg7 45.Qxc5 Qg4 46.g3 e4 47.a5 Qf3 48.Nxd5 cxd5 49.Qxd5 Rxg3+ 50.fxg3 Qxg3+
51.Kf1 Qf3+  1/2-1/2

[Event "Gibtelecom Masters"]
[Site "Catalan Bay ENG"]
[Date "2007.02.01"]
[Round "9"]
[White "Speelman,J"]
[Black "Swinkels,R"]
[Result "1/2-1/2"]
[WhiteElo "2533"]
[BlackElo "2428"]

1.Nf3 Nf6 2.d4 g6 3.Bf4 Bg7 4.e3 d6 5.h3 c5 6.c3 Qb6 7.Qb3 Be6 8.dxc5 dxc5
9.Qxb6 axb6 10.Bxb8 Rxb8 11.Bb5+ Kf8 12.Na3 Ne4 13.Nd2 Nd6 14.Bd3  1/2-1/2

[Event "TCh-NED 2006-7"]
[Site "Netherlands NED"]
[Date "2007.03.03"]
[Round "6"]
[White "Winants,L"]
[Black "Speelman,J"]
[Result "1/2-1/2"]
[WhiteElo "2516"]
[BlackElo "2533"]

1.d4 Nf6 2.Bg5 e6 3.e3 Be7 4.c4 b6 5.Nc3 Bb7 6.Qc2 h6 7.Bh4 c5 8.dxc5 bxc5
9.Nf3 d6 10.Be2 Nbd7 11.O-O O-O 12.Rfd1 Qb6 13.Rd2 Rfd8 14.Rad1 a6 15.Ne1 Rac8
16.Bf3 Bxf3 17.Nxf3 Nf8 18.h3 Ng6 19.Bg3 Qc6 20.Bh2 d5 21.cxd5 Nxd5 22.Ne5 Nxe5
23.Bxe5 Nb4 24.Rxd8+ Rxd8 25.Rxd8+ Bxd8 26.Qd1 Be7 27.Qg4 f6  1/2-1/2

[Event "5th Staunton Mem"]
[Site "London ENG"]
[Date "2007.08.07"]
[Round "1"]
[White "Speelman,J"]
[Black "Timman,J"]
[Result "1/2-1/2"]
[WhiteElo "2511"]
[BlackElo "2560"]

1.d4 Nf6 2.c4 e6 3.Nf3 b6 4.Nc3 Bb7 5.Bg5 Bb4 6.Nd2 h6 7.Bh4 Nc6 8.e3 Ne7
9.Bxf6 gxf6 10.Qb3 c5 11.O-O-O Nc6 12.Nde4 Na5 13.Qc2 cxd4 14.Rxd4 f5 15.Nd6+ Bxd6
16.Rxd6 Rc8 17.Qd2 Qe7 18.Be2 Nxc4 19.Bxc4 Rxc4 20.Rd1 Bd5 21.Rxd5 exd5 22.Qxd5 Rc6
23.Qxf5 Qe6 24.Qd3 O-O 25.Qxd7 b5 26.Qb7 a6 27.Rd4 Rc4 28.Rxc4 Qxc4 29.Qxa6 Qf1+
30.Kc2 Qxf2+ 31.Kb3 Qxg2 32.Qxh6 b4 33.Na4 Re8  1/2-1/2

[Event "5th Staunton Mem"]
[Site "London ENG"]
[Date "2007.08.10"]
[Round "4"]
[White "Houska,Jo"]
[Black "Speelman,J"]
[Result "1/2-1/2"]
[WhiteElo "2401"]
[BlackElo "2511"]

1.e4 e6 2.d4 d5 3.Nd2 c5 4.exd5 Qxd5 5.Ngf3 cxd4 6.Bc4 Qd6 7.O-O Nf6 8.Nb3 Nc6
9.Nbxd4 Nxd4 10.Nxd4 a6 11.Re1 Be7 12.c3 O-O 13.Qf3 Qc7 14.Bb3 Bd6 15.Bg5 Bxh2+
16.Kh1 Be5 17.Rad1 h6 18.Bh4 Bd7 19.Qe2 g5 20.Bxg5 hxg5 21.Qxe5 Qxe5 22.Rxe5 g4
23.f3 gxf3 24.Rg5+ Kh8 25.gxf3  1/2-1/2

[Event "5th Staunton Mem"]
[Site "London ENG"]
[Date "2007.08.13"]
[Round "7"]
[White "Speelman,J"]
[Black "Werle,J"]
[Result "1/2-1/2"]
[WhiteElo "2511"]
[BlackElo "2552"]

1.d4 Nf6 2.Nf3 e6 3.g3 b6 4.Bg2 Bb7 5.c4 Be7 6.O-O O-O 7.Nc3 Ne4 8.Qc2 Nxc3
9.Qxc3 c5 10.b3 d6 11.Bb2 Nd7 12.Rad1 Bf6 13.Qd2 Qe7 14.dxc5 Bxb2 15.c6 Bxc6
16.Qxb2 Nf6 17.Nh4 Bxg2 18.Nxg2  1/2-1/2

[Event "5th Staunton Mem"]
[Site "London ENG"]
[Date "2007.08.16"]
[Round "9"]
[White "McNab,C"]
[Black "Speelman,J"]
[Result "1/2-1/2"]
[WhiteElo "2416"]
[BlackElo "2511"]

1.Nf3 Nf6 2.g3 d5 3.Bg2 g6 4.c4 Bg7 5.cxd5 O-O 6.O-O Nxd5 7.d4 c5 8.Nc3 Nxc3
9.bxc3 Nc6 10.e3 Bf5 11.Ba3 cxd4 12.Nxd4 Bd7 13.Nxc6 bxc6 14.Qa4 Bf6 15.Rad1 Qc7
16.Rxd7 Qxd7 17.Bxc6 Qd2 18.Bxa8 Rxa8 19.Qb3 a5 20.Rc1 a4 21.Qc2 Qd5 22.c4 Qc6
23.Qd3 Rc8 24.Qd5 Kf8 25.Kf1 Qa6 26.e4 Ke8 27.Qb5+ Qc6 28.Ke2 e6 29.Qxc6+ Rxc6
30.Kd3 Rc8 31.c5 Rd8+ 32.Ke2 Kd7 33.Rc4 Ra8 34.c6+ Kc7 35.f4 e5 36.Kd3 Rd8+
37.Kc2 exf4 38.gxf4 Rd4 39.Rxd4 Bxd4 40.Kd3 Bg1 41.h3 Kxc6  1/2-1/2

[Event "5th Staunton Mem"]
[Site "London ENG"]
[Date "2007.08.17"]
[Round "10"]
[White "Speelman,J"]
[Black "Sokolov,Iv NED"]
[Result "0-1"]
[WhiteElo "2511"]
[BlackElo "2666"]

1.Nf3 d5 2.g3 Bg4 3.Bg2 Nd7 4.O-O e6 5.b3 Ngf6 6.Bb2 a5 7.a3 c6 8.d3 Bc5
9.Nbd2 O-O 10.e4 Qc7 11.e5 Ne8 12.h3 Bh5 13.Qe2 Kh8 14.Rae1 f5 15.c4 Qb6
16.d4 Be7 17.Rc1 dxc4 18.Qxc4 Nc7 19.Qc2 Nd5 20.Nc4 Qc7 21.Qd2 h6 22.Qd3 Rfd8
23.Nfd2 Nf8 24.Ne3 Qb6 25.Ndc4 Qa6 26.f4 c5 27.Nc2 a4 28.bxa4 Nb6 29.Ne1 Nxa4
30.Qb3 b5 31.Nd6 c4 32.Qc2 Rab8 33.d5 exd5 34.g4 Bg6 35.Nxf5 d4 36.Be4 d3
37.Qd2 Nxb2 38.Qxb2 Bxa3  0-1

[Event "16th Monarch Assurance"]
[Site "Port Erin IOM"]
[Date "2007.09.22"]
[Round "1"]
[White "Speelman,J"]
[Black "Moiseenko,A1"]
[Result "1/2-1/2"]
[WhiteElo "2511"]
[BlackElo "2641"]

1.d4 Nf6 2.Nf3 e6 3.c3 b6 4.Bg5 Bb7 5.Nbd2 h6 6.Bh4 d6 7.h3 Nbd7 8.Qc2 Be7
9.e3 O-O 10.Bd3 c5 11.O-O cxd4 12.cxd4 Nd5 13.Bxe7 Qxe7  1/2-1/2

[Event "16th Monarch Assurance"]
[Site "Port Erin IOM"]
[Date "2007.09.23"]
[Round "2"]
[White "Allen,K"]
[Black "Speelman,J"]
[Result "0-1"]
[WhiteElo "2222"]
[BlackElo "2511"]

1.d4 e6 2.c4 b6 3.Nc3 Bb7 4.a3 Nf6 5.Bg5 Be7 6.e3 c5 7.Nf3 O-O 8.Be2 h6 9.Bxf6 Bxf6
10.O-O cxd4 11.Nxd4 Nc6 12.Nxc6 Bxc6 13.Qd3 Qc7 14.Rfd1 Qb7 15.Bf1 Rfd8 16.Rd2 Rab8
17.Rad1 a6 18.b4 b5 19.c5 a5 20.f3 axb4 21.axb4 Ra8 22.Nxb5 Rdb8 23.Nd4 Qxb4
24.Nxc6 dxc6 25.Qd6 Ra3 26.Qxc6 Rxe3 27.Qc7 Rc3 28.c6 Rf8 29.Qb7 Qc5+ 30.Kh1 g6
31.Bd3 Bg5  0-1

[Event "16th Monarch Assurance"]
[Site "Port Erin IOM"]
[Date "2007.09.25"]
[Round "4"]
[White "Shachar,E"]
[Black "Speelman,J"]
[Result "1/2-1/2"]
[WhiteElo "2353"]
[BlackElo "2511"]

1.e4 c5 2.Nf3 d6 3.c3 Nf6 4.Be2 Nbd7 5.d3 g6 6.O-O Bg7 7.Re1 O-O 8.Bf1 b6
9.d4 e5 10.dxe5 dxe5 11.Bg5 Bb7 12.Nbd2 Qc7 13.Qc2 h6 14.Bh4 a6 15.a4 Bc6
16.Qb3 Qb7 17.Bxf6 Bxf6 18.Bc4 Rac8 19.Bd5 Bxd5 20.exd5 c4 21.Nxc4 Qxd5 22.Ncd2 Qxb3
23.Nxb3 Rc7 24.Rad1 Rb8 25.Rd6 Kg7 26.Nfd2 Rbb7 27.Kf1 h5 28.h3 Bg5 29.Nf3 Be7
30.Rd5 f6 31.g4 hxg4 32.hxg4 Rc4 33.g5 Rxa4 34.Red1 Nc5 35.Nxc5 bxc5 36.Rd7 Rxd7
37.Rxd7 Kf8 38.gxf6 Bxf6 39.Nd2 Bg5 40.Nb3 Be7 41.Rb7 Rf4 42.Ke2 e4 43.Rb6 Kf7
44.Rxa6 Bh4  1/2-1/2

[Event "16th Monarch Assurance"]
[Site "Port Erin IOM"]
[Date "2007.09.28"]
[Round "7"]
[White "Speelman,J"]
[Black "Kunin,V"]
[Result "0-1"]
[WhiteElo "2511"]
[BlackElo "2507"]

1.Nf3 d5 2.g3 c5 3.Bg2 Nc6 4.d4 Nf6 5.O-O e6 6.c4 dxc4 7.dxc5 Qxd1 8.Rxd1 Bxc5
9.Nbd2 c3 10.bxc3 Bd7 11.Nb3 Be7 12.Nfd4 Nxd4 13.cxd4 Nd5 14.Nc5 Bc6 15.Bb2 Rc8
16.e4 Nf6 17.Rac1 b6 18.Nb3 O-O 19.d5 exd5 20.exd5 Ba4 21.Rxc8 Rxc8 22.d6 Bd8
23.d7 Rc2 24.Bxf6 gxf6 25.Bh3 Kg7 26.Nd4 Rc7 27.Nb3 Kf8 28.Bf5 h6 29.Kg2 a5
30.f3 Bb5 31.g4 a4 32.Nd4 Bxd7 33.Nb5 Bxb5 34.Rxd8+ Ke7 35.Rb8 Bc4 36.Rxb6 Bxa2
37.Ra6 Bb3 38.Kf2 Rc1 39.Ke3 Rc3+ 40.Kf4 Rc4+ 41.Be4 Rc1 42.h4 Ra1 43.Ra5 Kd6
44.Kf5 a3 45.Kxf6 a2 46.Ra6+ Kc5 47.h5 Rd1 48.Kg7 Rd6 49.Ra5+ Kb4 50.Rxa2 Bxa2
51.g5 hxg5 52.h6 Kc5 53.h7 Rd8 54.Kf6 Bd5 55.Bc2 Kd6 56.Kxg5 Ke7 57.f4 Rh8
58.Bd3 Bb3 59.Bb1 Bc4 60.Bc2 Ba2 61.Bd3 Be6 62.Bc2 Bd7 63.Bd3 Be8 64.Bc2 f6+
65.Kh6 Kf8 66.Bd3 Bf7 67.Bc2 Bg8 68.Bf5 Bf7 69.Bc2 f5 70.Bxf5 Bg8  0-1

[Event "16th Monarch Assurance"]
[Site "Port Erin IOM"]
[Date "2007.09.29"]
[Round "8"]
[White "Ly,M"]
[Black "Speelman,J"]
[Result "1/2-1/2"]
[WhiteElo "2295"]
[BlackElo "2511"]

1.e4 c6 2.d4 d5 3.exd5 cxd5 4.c4 Nf6 5.Nc3 e6 6.Nf3 Bb4 7.Bd3 dxc4 8.Bxc4 O-O
9.O-O a6 10.Bg5 b5 11.Bd3 Bb7 12.Rc1 Nbd7 13.a3 Be7 14.Re1 Re8 15.Ne5 Nf8
16.Bb1 Qb6 17.Be3 Rad8 18.Nd3 Qa7 19.Qe2 Qa8 20.f3 Nd5 21.Nxd5 Bxd5 22.Nc5 Nd7
23.Qc2 g6 24.Qf2 a5 25.Bd3 Nxc5 26.dxc5 Bc6 27.Red1 Qb7 28.b3 Rd7 29.Qb2 Bf8
30.Be2 Red8 31.Qf6 Rxd1+ 32.Rxd1 Rxd1+ 33.Bxd1 Be7  1/2-1/2

[Event "4NCL"]
[Site "Birmingham ENG"]
[Date "2007.11.10"]
[Round "3"]
[White "Parker,J"]
[Black "Speelman,J"]
[Result "1-0"]
[WhiteElo "2527"]
[BlackElo "2498"]

1.d4 Nf6 2.c4 e6 3.Nc3 Bb4 4.e3 O-O 5.Bd3 d5 6.Ne2 b6 7.O-O dxc4 8.Bxc4 Bb7
9.a3 Be7 10.b4 Nbd7 11.Qb3 a6 12.Rd1 Bd6 13.h3 Qe7 14.Bb2 e5 15.dxe5 Bxe5
16.Rac1 c6 17.Nd4 g6 18.Nf3 Bc7 19.Be2 Rfe8 20.Nd5 Nxd5 21.Rxd5 Nf6 22.Rd4 c5
23.Rh4 Ne4 24.Bc4 Nd2 25.Nxd2 Qxh4 26.Bxf7+ Kf8 27.Bxe8 Rxe8 28.bxc5  1-0

[Event "6th Gibtelecom Masters"]
[Site "Gibraltar ENG"]
[Date "2008.01.23"]
[Round "2"]
[White "Bologan,V"]
[Black "Speelman,J"]
[Result "0-1"]
[WhiteElo "2663"]
[BlackElo "2491"]

1.e4 e6 2.d4 d5 3.Nc3 Nf6 4.e5 Nfd7 5.f4 c5 6.Nf3 Nc6 7.Be3 cxd4 8.Nxd4 Bc5
9.Qd2 O-O 10.O-O-O a6 11.Nb3 b6 12.g4 Bb7 13.Bg2 Rc8 14.Kb1 Bb4 15.Qf2 Bxc3
16.bxc3 Na7 17.Bd4 Nb5 18.Rd3 Qe7 19.Ka1 Rc4 20.Rb1 Rfc8 21.Qe1 Qa3 22.Nd2 Rxc3
23.Rxc3 Nxc3 24.Rb2 Qa4 25.Nb3 Nb5 26.c3 Nc5 27.Bxc5 bxc5 28.Qd2 h6 29.Bf1 Ba8
30.f5 Qxg4 31.Bxb5 axb5 32.f6 d4 33.cxd4 cxd4 34.fxg7 Be4 35.Qxd4 b4 36.Rb1 Qe2
37.Rc1 Rxc1+ 38.Nxc1 Qc2 39.Qb2 Qd1 40.a3 bxa3 41.Qxa3 Kxg7 42.Qc3 Qg1 43.h3 Qh2
44.Nb3 Qc2 45.Qxc2 Bxc2 46.Nd4 Bf5 47.Kb2 Kg6 48.Kc3 Kg5 49.Nb5 Kf4 50.Nd6 Bxh3
51.Nxf7 h5 52.Kd2 h4 53.Ke2 Kg3 54.Ng5 Bg2  0-1

[Event "6th Gibtelecom Masters"]
[Site "Gibraltar ENG"]
[Date "2008.01.29"]
[Round "8"]
[White "Speelman,J"]
[Black "Gurevich,M"]
[Result "1/2-1/2"]
[WhiteElo "2491"]
[BlackElo "2607"]

1.d4 d5 2.c4 c6 3.Nc3 Nf6 4.e3 e6 5.Nf3 a6 6.b3 Bb4 7.Bd2 Nbd7 8.Bd3 O-O
9.O-O Bd6 10.Qc2 h6 11.Ne2 dxc4 12.bxc4 c5 13.a4 b6 14.a5 Bb7 15.axb6 Qxb6
16.Rfb1 Qa7 17.Bc3 Rab8 18.Ng3 Qa8 19.d5 Bxg3 20.hxg3 exd5 21.Bxf6 Nxf6 22.cxd5 Bxd5
23.Rxb8 Qxb8 24.Qxc5 Rc8 25.Qa3 Qc7 26.Qxa6 Qd8 27.Bf5 Ra8 28.Qf1 Be4 29.Bxe4 Nxe4
30.Rxa8 Qxa8 31.g4 Qc8 32.Nd4 Qxg4 33.f3 Qg5 34.fxe4 Qxe3+ 35.Qf2 Qxe4 36.Nf3 g6
37.Qb2 Qd5 38.Qf6 Qd1+ 39.Kh2 Qd7 40.Ne5 Qc7 41.Kg3 Qc3+ 42.Kf2 Qd4+ 43.Kf3 Qd1+
44.Kg3 Qb3+ 45.Kh2 Qd5 46.Kh3 Qb3+ 47.Kh4 Qb4+ 48.Kh3 Qc3+ 49.Kh2 Qc7 50.Qf4 Qe7  1/2-1/2

[Event "6th Gibtelecom Masters"]
[Site "Gibraltar ENG"]
[Date "2008.01.31"]
[Round "10"]
[White "Speelman,J"]
[Black "Wang Yu A"]
[Result "1-0"]
[WhiteElo "2491"]
[BlackElo "2391"]

1.d4 d5 2.Nf3 Bf5 3.c4 e6 4.Nc3 c6 5.e3 Nd7 6.Bd3 Bxd3 7.Qxd3 Ngf6 8.O-O Bd6
9.b3 O-O 10.Bb2 Qe7 11.Rad1 Rad8 12.e4 dxe4 13.Nxe4 Nxe4 14.Qxe4 Rfe8 15.h3 h6
16.Rfe1 Nf6 17.Qe3 a6 18.Ne5 c5 19.Rd3 cxd4 20.Bxd4 Nd7 21.Nxd7 Rxd7 22.Red1 Bc7
23.Bc5 Rxd3 24.Rxd3 Qf6 25.g3 Rd8 26.Qe4 Rxd3 27.Qxd3 Qe5 28.Be3 Qd6 29.Qe4 Bb6
30.Qxb7 Bxe3 31.Qa8+ Kh7 32.Qe4+ g6 33.Qxe3 h5 34.Qc3 Qd1+ 35.Kg2 Kg8 36.c5 Qd5+
37.Kh2 Qf5 38.Qd4 Qc2 39.Kg2 Qxa2 40.c6 Qxb3 41.Qc5 e5 42.c7 Qb7+ 43.Kg1  1-0

[Event "4NCL 2007-8"]
[Site "Wokefield Park ENG"]
[Date "2008.05.03"]
[Round "9"]
[White "Greet,A"]
[Black "Speelman,J"]
[Result "1/2-1/2"]
[WhiteElo "2444"]
[BlackElo "2491"]

1.e4 e6 2.d4 d5 3.Nc3 Nf6 4.e5 Nfd7 5.f4 c5 6.Nf3 Nc6 7.Be3 cxd4 8.Nxd4 Bc5
9.Qd2 O-O 10.O-O-O a6 11.Nb3 b6 12.h4 Bb7 13.h5 Bxe3 14.Qxe3 f6 15.h6 g6
16.exf6 Qxf6 17.g3 d4 18.Nxd4 Nxd4 19.Rxd4 Bxh1 20.Rxd7 Rad8 21.Rg7+ Kh8
22.Bd3 e5 23.Ne4 Bxe4 24.Qxe4 exf4 25.Qb7 Rxd3 26.cxd3 f3 27.Rxh7+ Kg8 28.Rg7+  1/2-1/2

[Event "4NCL 2007-8"]
[Site "Wokefield Park ENG"]
[Date "2008.05.04"]
[Round "10"]
[White "King,D"]
[Black "Speelman,J"]
[Result "1/2-1/2"]
[WhiteElo "2510"]
[BlackElo "2491"]

1.e4 c6 2.d4 d5 3.exd5 cxd5 4.c4 Nf6 5.Nc3 e6 6.Nf3 Bb4 7.cxd5 Nxd5 8.Bd2 Nc6
9.Bd3 O-O 10.O-O Be7 11.Qe2 Ndb4 12.Be4 b6 13.Rfd1 Ba6 14.Qe1 Rc8 15.Bf4 Bc4
16.Ne5 Bd5 17.Nxd5 Nxd5 18.Bg3 Bh4 19.Rac1 Nxe5 20.dxe5 Bxg3 21.hxg3 Rxc1
22.Rxc1 Ne7 23.Qb4 Ng6 24.f4 Qd7 25.Kh2 Rd8 26.Qc4 Qd2 27.Rc2 Qe1 28.Rc1 Qd2
29.Rc2 Qe1 30.Bf3 Rf8 31.Qe2 Qa5 32.a3 Ne7 33.Qd2 Qa4 34.Rc7 Nf5 35.Qb4 Qxb4
36.axb4 Nd4 37.Be4 Rd8 38.Rxa7 h5 39.Rb7 b5 40.Kg1 g6 41.Kf2 Nf5 42.Kf3 Rd1
43.Kf2 Rd4 44.Bxf5 gxf5 45.Rxb5 h4 46.Ke3 Re4+ 47.Kf3 hxg3 48.Kxg3 Re2 49.Rc5 Rxb2
50.Rc4 Rb3+ 51.Kh4 Kg7 52.g4 Kg6 53.Rd4  1/2-1/2

[Event "4NCL 2008-9"]
[Site "Sunningdale ENG"]
[Date "2008.10.04"]
[Round "1"]
[White "Collinson,A"]
[Black "Speelman,J"]
[Result "1/2-1/2"]
[WhiteElo "2389"]
[BlackElo "2524"]

1.e4 c6 2.d4 d5 3.Nc3 dxe4 4.Nxe4 Bf5 5.Ng3 Bg6 6.N1e2 Nf6 7.Nf4 e5 8.Nxg6 hxg6
9.dxe5 Qa5+ 10.Bd2 Qxe5+ 11.Qe2 Qxe2+ 12.Bxe2 Nbd7 13.O-O Bd6 14.Rad1 O-O-O
15.Rfe1 Nb6 16.h3 Rhe8 17.Bd3  1/2-1/2

[Event "4NCL 2008-9"]
[Site "Hinckley Island ENG"]
[Date "2008.12.07"]
[Round "4"]
[White "Speelman,J"]
[Black "Rowson,J"]
[Result "1/2-1/2"]
[WhiteElo "2530"]
[BlackElo "2596"]

1.Nf3 d5 2.d4 Nf6 3.c4 e6 4.Nc3 Nbd7 5.cxd5 exd5 6.Bf4 c6 7.Qc2 Nh5 8.Bd2 Nb6
9.e3 Be7 10.Bd3 g6 11.Na4 O-O 12.Nc5 Bd6 13.O-O Qc7 14.a4 Re8 15.h3 Nf6 16.Rfc1 Nbd7
17.b4 Nxc5 18.dxc5 Bf8 19.Bc3 Ne4 20.Bd4  1/2-1/2

[Event "4NCL 2008-9"]
[Site "Sunningdale ENG"]
[Date "2009.01.17"]
[Round "5"]
[White "Emms,J"]
[Black "Speelman,J"]
[Result "1/2-1/2"]
[WhiteElo "2488"]
[BlackElo "2536"]

1.e4 c6 2.d4 d5 3.exd5 cxd5 4.c4 Nf6 5.Nc3 e6 6.Nf3 Bb4 7.Bd3 dxc4 8.Bxc4 O-O
9.O-O b6 10.Bg5 Bb7 11.Re1 Nc6 12.Qd3 Be7 13.a3 Nd5 14.Bxd5 Bxg5 15.Be4 g6
16.Rad1 Bf6 17.d5 exd5 18.Bxd5 Na5 19.Ne4 Kg7 20.Bxb7  1/2-1/2

[Event "4NCL 2008-9"]
[Site "Sunningdale ENG"]
[Date "2009.01.18"]
[Round "6"]
[White "Speelman,J"]
[Black "Houska,Jo"]
[Result "1-0"]
[WhiteElo "2536"]
[BlackElo "2392"]

1.d4 d5 2.Nf3 Nf6 3.c4 c6 4.e3 a6 5.Bd2 e6 6.Qc2 Nbd7 7.Nc3 c5 8.cxd5 exd5
9.g4 cxd4 10.Nxd4 Nc5 11.h3 Ne6 12.Bg2 Nxd4 13.exd4 Be7 14.O-O O-O 15.g5 Ne4
16.Nxd5 Nxg5 17.Nxe7+ Qxe7 18.Rfe1 Qf6 19.Qd3 Bd7 20.Qg3 h6 21.h4 Nh7 22.Bc3 Rab8
23.d5 Qg6 24.Qxg6 fxg6 25.Re7 Rf7 26.Rae1 Nf6 27.d6 Bc6 28.Bh3 Bd5 29.Rxf7 Kxf7
30.Re7+ Kf8 31.Bb4 a5 32.Bxa5 Bxa2 33.Rc7 Rd8 34.Rxb7 Bd5 35.Bxd8 Bxb7 36.d7  1-0

[Event "7th Gibtelecom Masters"]
[Site "Caleta ENG"]
[Date "2009.01.27"]
[Round "1"]
[White "Speelman,J"]
[Black "Csonka,A1"]
[Result "0-1"]
[WhiteElo "2536"]
[BlackElo "2289"]

1.d4 Nf6 2.Nf3 e6 3.c3 c5 4.Bg5 cxd4 5.cxd4 Be7 6.Nc3 O-O 7.e3 b6 8.Bd3 Ba6
9.O-O Qc8 10.Nb5 Bxb5 11.Bxb5 Qb7 12.Rc1 a6 13.Bd3 Nc6 14.e4 h6 15.Bh4 d6
16.Bxf6 Bxf6 17.e5 Bd8 18.exd6 Nb4 19.Bb1 Bf6 20.Qb3 a5 21.a3 Nd5 22.Be4 Rad8
23.Rc7 Qb8 24.Bxd5 exd5 25.g3 Rxd6 26.Rfc1 Qe8 27.Rb7 Qe4 28.h3 g5 29.Kg2 h5
30.Re1 Qf5 31.Rxb6 Rxb6 32.Qxb6 Rc8 33.Re2 g4 34.hxg4 hxg4 35.Nh2 Kg7 36.Qxa5 Rh8
37.Rd2 Qh5 38.Kf1 Qh3+ 39.Ke1 Qxh2 40.Qxd5 Qg1+ 41.Ke2 Re8+ 42.Kd3 Qb1+ 43.Kc3 Qc1+  0-1

[Event "7th Gibtelecom Masters"]
[Site "Caleta ENG"]
[Date "2009.01.31"]
[Round "5"]
[White "Calzetta,M"]
[Black "Speelman,J"]
[Result "1/2-1/2"]
[WhiteElo "2371"]
[BlackElo "2536"]

1.e4 e6 2.d4 d5 3.Nd2 c5 4.exd5 Qxd5 5.Ngf3 cxd4 6.Bc4 Qd6 7.O-O Nf6 8.Nb3 Nc6
9.Nbxd4 Nxd4 10.Nxd4 a6 11.Re1 Qc7 12.Qe2 Bc5 13.c3 h6 14.Bb3 O-O 15.Qf3 e5
16.Nf5 e4 17.Qg3 Qxg3 18.Nxg3 Re8 19.Be3 Bxe3 20.Rxe3 Be6 21.Nxe4 Nxe4 22.Rxe4 Bxb3
23.Rxe8+ Rxe8 24.axb3 Re2 25.Rb1 a5 26.g4 g5 27.Kg2 Kg7 28.Kf3 Rc2 29.h3 Kf6
30.Kg3 Ke5 31.Kf3 Kf6 32.Kg3 Ke5  1/2-1/2

[Event "7th Gibtelecom Masters"]
[Site "Caleta ENG"]
[Date "2009.02.02"]
[Round "7"]
[White "Karim,I"]
[Black "Speelman,J"]
[Result "1/2-1/2"]
[WhiteElo "2407"]
[BlackElo "2536"]

1.e4 e6 2.d4 d5 3.Nc3 Nf6 4.Bg5 dxe4 5.Nxe4 Nbd7 6.Nf3 h6 7.Nxf6+ Nxf6 8.Bh4 c5
9.Bb5+ Bd7 10.Bxd7+ Qxd7 11.Qe2 Be7 12.O-O-O O-O 13.dxc5 Qc7 14.Ne5 Qxc5
15.Bxf6 Bxf6 16.Nd7 Bxb2+ 17.Kxb2 Qb4+ 18.Ka1 Qc3+ 19.Kb1 Qb4+ 20.Ka1  1/2-1/2

[Event "7th Gibtelecom Masters"]
[Site "Caleta ENG"]
[Date "2009.02.04"]
[Round "9"]
[White "Papp,Ga"]
[Black "Speelman,J"]
[Result "1/2-1/2"]
[WhiteElo "2517"]
[BlackElo "2536"]

1.e4 e6 2.d4 d5 3.Nc3 Nf6 4.Bg5 dxe4 5.Nxe4 Nbd7 6.Nf3 h6 7.Nxf6+ Nxf6 8.Be3 Bd6
9.Bd3 Qe7 10.Qe2 Bd7 11.Ne5 Bxe5 12.dxe5 Nd5 13.Bd2 Nb4 14.Be4 Bc6 15.a3 Qh4
16.Bxb4 Qxe4 17.Qxe4 Bxe4 18.f3 a5 19.Bd2 Bd5 20.a4 b6 21.b3 O-O-O 22.O-O-O Bc6
23.Bc3 Rxd1+ 24.Rxd1 Rd8 25.Rxd8+ Kxd8  1/2-1/2

[Event "7th Gibtelecom Masters"]
[Site "Caleta ENG"]
[Date "2009.02.05"]
[Round "10"]
[White "Speelman,J"]
[Black "Vachier Lagrave,M"]
[Result "1/2-1/2"]
[WhiteElo "2536"]
[BlackElo "2696"]

1.Nf3 f5 2.g3 g6 3.Bg2 Bg7 4.d4 Nf6 5.O-O O-O 6.b3 d6 7.Bb2 Nbd7 8.Ng5 Nb6
9.c4 c6 10.Nd2 h6 11.Ngf3 g5 12.e3 Qe8 13.Qc2 Qh5 14.a4 a5 15.Ba3 f4 16.exf4 gxf4
17.Rae1 Bf5 18.Qc3 Qf7 19.Nh4 Bd7 20.Qd3 Rfe8 21.Ndf3 Rad8 22.Qd2 Nxc4 23.bxc4 Qxc4
24.Ra1 fxg3 25.hxg3 e5 26.Qc1 Qxc1 27.Raxc1 Bg4 28.dxe5 dxe5 29.Nh2 Be6 30.Rfe1 e4
31.Rb1 Rd3 32.Bb2 Rb3 33.Nf1 b5 34.axb5 Rb8 35.Nd2 R3xb5 36.Bxf6 Rxb1 37.Nxb1 Bxf6
38.Bxe4 a4 39.Bxc6 Rxb1 40.Rxb1 a3 41.Rb8+ Kg7 42.Rb7+ Kg8 43.Nf5 a2 44.Nxh6+ Kf8
45.Ra7 a1=Q+ 46.Rxa1 Bxa1 47.Be4 Kg7 48.Nf5+ Bxf5 49.Bxf5 Kf6 50.Bc2 Be5
51.f4 Bd6 52.Kg2 Bc7 53.Kf3 Bd6 54.g4 Bc7 55.g5+ Kg7 56.Kg4 Bd6 57.f5 Be7  1/2-1/2

[Event "4NCL 2008-9"]
[Site "Staverton ENG"]
[Date "2009.05.02"]
[Round "9"]
[White "Speelman,J"]
[Black "Plaskett,J"]
[Result "1/2-1/2"]
[WhiteElo "2534"]
[BlackElo "2491"]

1.d4 e6 2.Nf3 c5 3.g3 cxd4 4.Nxd4 Qc7 5.Bg2 a6 6.O-O Nf6 7.Nb3 Nc6 8.Bf4 d6
9.c4 Ne5 10.N1d2 Ng6 11.Be3 Bd7 12.a4 Bc6 13.Nf3 Ng4 14.Bd2 Be7 15.Qc2 Rc8
16.Rfc1 O-O 17.Na5 Bd7 18.h3 Nf6 19.Nd4 b6 20.Nac6 e5 21.Nxe7+ Nxe7 22.Nf3 Bf5
23.Qd1 Be4 24.Bg5 Ne8 25.Bxe7 Qxe7 26.a5 bxa5 27.Rxa5 Rb8 28.b3 Qb7 29.Ne1 Qb6
30.Rca1 Bf5 31.Rxa6 Qxb3 32.Qxb3 Rxb3 33.Rc1 Bc8  1/2-1/2

[Event "4NCL 2009-10"]
[Site "Hinckley Island ENG"]
[Date "2010.01.16"]
[Round "3"]
[White "Speelman,J"]
[Black "Churm,R"]
[Result "1-0"]
[WhiteElo "2525"]
[BlackElo "2167"]

1.Nf3 e6 2.g3 Nf6 3.Bg2 d5 4.O-O Be7 5.d4 O-O 6.c4 dxc4 7.Qc2 a6 8.Qxc4 b5
9.Qc2 Bb7 10.Bg5 Nbd7 11.Bxf6 Nxf6 12.Nbd2 Ra7 13.Rfc1 Qa8 14.Nb3 Nd7 15.a4 Rc8
16.axb5 axb5 17.Rxa7 Qxa7 18.Nfd2 Bxg2 19.Kxg2 Qb7+ 20.Kg1 g6 21.Na5 Qb6
22.Nc6 Kf8 23.Nf3 Bf6 24.Qd2 Kg7 25.Qf4 Nb8 26.Nce5 Bxe5 27.dxe5 Nd7 28.Rd1 Qc6
29.h4 Nb6 30.Qf6+ Kg8 31.h5 Qe8 32.h6 Qf8 33.Ng5 Nd5 34.Rxd5 exd5 35.e6  1-0

[Event "4NCL 2009-10"]
[Site "Hinckley Island ENG"]
[Date "2010.01.17"]
[Round "4"]
[White "Emms,J"]
[Black "Speelman,J"]
[Result "1/2-1/2"]
[WhiteElo "2484"]
[BlackElo "2525"]

1.e4 c6 2.d4 d5 3.exd5 cxd5 4.c4 Nf6 5.Nc3 e6 6.Nf3 Bb4 7.Bd3 dxc4 8.Bxc4 O-O
9.O-O b6 10.Bg5 Bb7 11.Re1 Nc6 12.a3 Bxc3 13.bxc3 Rc8 14.Qd3 Ne7 15.Ba2 Ng6
16.Ne5 Qc7 17.Rac1 Rfe8 18.Bb1 Nd7 19.h4 Ndxe5 20.dxe5 h6 21.h5 Qc4 22.Qg3 hxg5
23.hxg6 Qh4 24.Qxh4  1/2-1/2

[Event "8th Gibtelecom Masters"]
[Site "Caleta ENG"]
[Date "2010.01.27"]
[Round "2"]
[White "Speelman,J"]
[Black "Osuna Vega,E"]
[Result "1-0"]
[WhiteElo "2525"]
[BlackElo "2136"]

1.e4 c5 2.Nf3 e6 3.c3 Nc6 4.d4 d5 5.exd5 exd5 6.Bb5 Bd6 7.O-O Ne7 8.dxc5 Bxc5
9.Nbd2 h6 10.Nb3 Bd6 11.h3 Bd7 12.Re1 O-O 13.Be3 b6 14.Bd3 Nf5 15.Nbd4 Nxe3
16.Rxe3 Qf6 17.Bb5 Bc5 18.Bxc6 Bxc6 19.Ne5 Be8 20.Qd3 Rd8 21.Rae1 Bd7 22.Rf3 Qg5
23.Rg3 Qh4 24.Nxd7 Rxd7 25.Rxg7+  1-0

[Event "8th Gibtelecom Masters"]
[Site "Caleta ENG"]
[Date "2010.01.29"]
[Round "4"]
[White "Speelman,J"]
[Black "Nadig,K"]
[Result "1-0"]
[WhiteElo "2525"]
[BlackElo "2240"]

1.Nf3 Nf6 2.c4 g6 3.Nc3 d5 4.cxd5 Nxd5 5.h4 Bg7 6.h5 O-O 7.hxg6 hxg6 8.Qa4 e5
9.Nxd5 Qxd5 10.Qh4 Re8 11.d3 Kf8 12.Bh6 Bxh6 13.Qxh6+ Ke7 14.Qg5+ Kd6 15.Nd2 c6
16.Ne4+ Kc7 17.Rh4 Qa5+ 18.Nc3 Na6 19.Rc1 Kb8 20.Qf6 Qc7 21.Rh7 Be6 22.a3 Nc5
23.Rh8 Rxh8 24.Qxh8+ Bc8 25.b4 Nb3 26.Rb1 Nd4 27.e3 Nc2+ 28.Kd2 Nxa3 29.Rb3 a5
30.Rxa3 axb4 31.Rxa8+ Kxa8 32.Na4 Kb8 33.Nc5 Qe7 34.d4 f6 35.Bc4 exd4 36.exd4 Qd6
37.Ke3 Qe7+ 38.Be6 Qc7 39.Kd3 b3 40.Nxb3 b6 41.d5 c5 42.Qxc8+ Qxc8 43.Bxc8 Kxc8
44.Nxc5  1-0

[Event "8th Gibtelecom Masters"]
[Site "Caleta ENG"]
[Date "2010.02.01"]
[Round "7"]
[White "Speelman,J"]
[Black "Fridman,D2"]
[Result "1/2-1/2"]
[WhiteElo "2525"]
[BlackElo "2654"]

1.d4 d5 2.Nf3 Nf6 3.c4 c6 4.Nc3 e6 5.e3 Nbd7 6.Qc2 Bd6 7.Bd3 O-O 8.O-O dxc4
9.Bxc4 b5 10.Bd3 Bb7 11.Bd2 Rc8 12.Ng5 h6 13.Nge4 Be7 14.Nxf6+ Nxf6 15.Ne4 c5
16.Nxf6+ Bxf6 17.dxc5 Qd5 18.e4 Qd4 19.Be3 Qxb2 20.Qxb2 Bxb2 21.Rab1 Ba3
22.Rxb5 Ba6 23.Rb3 Bxd3 24.Rxd3 Bxc5 25.Rfd1 Bxe3 26.Rxe3 Rc7 27.g3 Rb8 28.Rd2 Rb4
29.Kg2 Ra4 30.a3 Kf8  1/2-1/2